|
|
|
|
| LEADER |
00000nam2a2200000 4500 |
| 001 |
106051 |
| 005 |
20231031114740.0 |
| 010 |
|
|
|a 5942752591
|
| 035 |
|
|
|a (RuTPU)RU\TPU\book\114445
|
| 090 |
|
|
|a 106051
|
| 100 |
|
|
|a 20061130d2006 k y0rusy50 ca
|
| 101 |
0 |
|
|a rus
|
| 102 |
|
|
|a RU
|
| 105 |
|
|
|a a z 001zy
|
| 200 |
0 |
|
|a Ч. 2: Течение жидкости в ограниченном пространстве вблизи вращающегося диска
|
| 210 |
|
|
|d 2006
|
| 215 |
|
|
|a 300 с.
|c ил.
|
| 320 |
|
|
|a Библиогр.: с. 299.
|
| 330 |
|
|
|a Рассмотрен ряд прикладных задач движения жидкости вблизи вращающегося диска в ограниченном, стесненном пространстве другими дисками. Разработаны по аналогии с частью I монографии программы численного интегрирования уравнений Навье-Стокса в цилиндрической системе координат при различных граничных условиях. Для инженерно-технических работников, занимающихся проектированием и технологическими расчетами центробежных аппаратов, а также научных сотрудников, аспирантов. Может быть полезна студентам технических вузов.
|
| 461 |
|
1 |
|0 (RuTPU)RU\TPU\book\115298
|t Движение жидкости в центробежных полях
|o в 2 ч.
|f А. А. Коптев
|v Ч. 2: Течение жидкости в ограниченном пространстве вблизи вращающегося диска
|d 2005
|
| 610 |
1 |
|
|a жидкости
|
| 610 |
1 |
|
|a движение
|
| 610 |
1 |
|
|a центробежные поля
|
| 610 |
1 |
|
|a течение
|
| 610 |
1 |
|
|a вращающиеся диски
|
| 610 |
1 |
|
|a ограниченное пространство
|
| 610 |
1 |
|
|a гидродинамика
|
| 610 |
1 |
|
|a неподвижные диски
|
| 675 |
|
|
|a 532.52
|v 3
|
| 801 |
|
1 |
|a RU
|b 63413507
|c 20061130
|g PSBO
|
| 801 |
|
2 |
|a RU
|b 63413507
|c 20061214
|g PSBO
|
| 942 |
|
|
|c BK
|